|
|
|
|
| LEADER |
01771nam a2200433 i 4500 |
| 001 |
EBC5171445 |
| 003 |
MiAaPQ |
| 005 |
20200520144314.0 |
| 006 |
m o d | |
| 007 |
cr cnu|||||||| |
| 008 |
180514s2018 enka ob 001 0 eng|d |
| 020 |
|
|
|z 9781787430426
|
| 020 |
|
|
|a 9781787430419 (e-book)
|
| 035 |
|
|
|a (MiAaPQ)EBC5171445
|
| 035 |
|
|
|a (Au-PeEL)EBL5171445
|
| 035 |
|
|
|a (CaPaEBR)ebr11552304
|
| 035 |
|
|
|a (OCoLC)1033603991
|
| 040 |
|
|
|a MiAaPQ
|b eng
|e rda
|e pn
|c MiAaPQ
|d MiAaPQ
|
| 050 |
|
4 |
|a HQ756
|b .F38 2018
|
| 082 |
0 |
|
|a 305
|2 23
|
| 245 |
0 |
0 |
|a Fathers, childcare and work :
|b cultures, practices and policies /
|c edited by Rosy Musumeci, University of Turin, Italy, Arianna Santero, University of Turin, Italy.
|
| 250 |
|
|
|a First edition.
|
| 264 |
|
1 |
|a Bingley :
|b Emerald Publishing,
|c 2018.
|
| 300 |
|
|
|a 1 online resource (310 pages) :
|b illustrations.
|
| 336 |
|
|
|a text
|2 rdacontent
|
| 337 |
|
|
|a computer
|2 rdamedia
|
| 338 |
|
|
|a online resource
|2 rdacarrier
|
| 490 |
1 |
|
|a Contemporary perspectives in family research ;
|v volume 12
|
| 504 |
|
|
|a Includes bibliographical references and index.
|
| 588 |
|
|
|a Description based on online resource; title from PDF title page (ebrary, viewed May 14, 2018).
|
| 590 |
|
|
|a Electronic reproduction. Ann Arbor, MI : ProQuest, 2018. Available via World Wide Web. Access may be limited to ProQuest affiliated libraries.
|
| 650 |
|
0 |
|a Fathers
|x Employment.
|
| 650 |
|
0 |
|a Child care.
|
| 655 |
|
4 |
|a Electronic books.
|
| 700 |
1 |
|
|a Musumeci, Rosy,
|e editor.
|
| 700 |
1 |
|
|a Santero, Arianna,
|e editor.
|
| 797 |
2 |
|
|a ProQuest (Firm)
|
| 830 |
|
0 |
|a Contemporary perspectives on family research ;
|v v. 12.
|
| 856 |
4 |
0 |
|u https://ebookcentral.proquest.com/lib/matrademy/detail.action?docID=5171445
|z Click to View
|